00766nam a2200145 4500999001700000082001200017100009700029245013300126260007500259300001500334536004600349650008100395942001200476952013200488 c38511d38511 aRR.0350 aRaja, V. AnjiuInstitute of Public Enterprise, Osmania UniversityvHyderabad, Andhra Pradesh aRural Urban Migration in Andhra Pradesh: ba study on socio-economic impact on the families of migratory farmers/cV. Anji Raja aHyderabad, Andhra Pradesh:bIndian Council of Social Science Research, avii, 102p. aIndian Council of Social Science Research aRural Urban MigrationaFarmer MigrationxMigration, InternalzAndhra Pradesh 2ddccBK 001040718MRPaNASSDOCbNASSDOCd2023-06-23eResearch Report Divisionl0oRR.0350p53733r2023-06-23 00:00:00w2023-06-23yRP